<?xml version="1.0" encoding="UTF-8"?>
<collection xmlns="http://www.loc.gov/MARC21/slim">
 <record>
  <leader>01000pam a22002178a 4500</leader>
  <controlfield tag="001">00015677</controlfield>
  <controlfield tag="005">20171026081022.0</controlfield>
  <controlfield tag="008">110330s1984                  ||||||Viesd</controlfield>
  <datafield tag="041" ind1="0" ind2="#">
   <subfield code="a">Vie</subfield>
  </datafield>
  <datafield tag="082" ind1="1" ind2="4">
   <subfield code="a">335.411</subfield>
   <subfield code="b">C406CH</subfield>
  </datafield>
  <datafield tag="100" ind1="0" ind2="#">
   <subfield code="a">Lô-Gvi-Nốp</subfield>
  </datafield>
  <datafield tag="245" ind1="0" ind2="0">
   <subfield code="a">Cơ chế kinh tế, kế hoạch hóa và luật kinh tế</subfield>
   <subfield code="b">Tập bài giảng của giáo sư Liên Xô tại trường, quản lý kinh tế trung ương</subfield>
   <subfield code="c">Lô-Gvi-Nốp, Ê-Mi-Li-A-Nốp, A-G.Bu-Cốp</subfield>
   <subfield code="n">Tập IV</subfield>
  </datafield>
  <datafield tag="260" ind1="#" ind2="#">
   <subfield code="a">Tp. Hồ Chí Minh</subfield>
   <subfield code="b">[NXB Tp. Hồ Chí Minh]</subfield>
   <subfield code="c">1984</subfield>
  </datafield>
  <datafield tag="300" ind1="#" ind2="#">
   <subfield code="a">343 tr.</subfield>
   <subfield code="c">19 cm.</subfield>
  </datafield>
  <datafield tag="653" ind1="#" ind2="#">
   <subfield code="a">Kinh tế</subfield>
   <subfield code="a">Cơ chế</subfield>
   <subfield code="a">Quản lý kinh tế</subfield>
   <subfield code="a">Luật kinh tế</subfield>
   <subfield code="a">Kinh tế</subfield>
   <subfield code="a">Quốc dân</subfield>
   <subfield code="a">Chủ nghĩa Mác Lênin</subfield>
  </datafield>
  <datafield tag="700" ind1="0" ind2="#">
   <subfield code="a"> A-G.Bu-Cốp</subfield>
  </datafield>
  <datafield tag="700" ind1="0" ind2="#">
   <subfield code="a">Ê-Mi-Li-A-Nốp,</subfield>
  </datafield>
  <datafield tag="852" ind1="#" ind2="#">
   <subfield code="j">KD.0001051</subfield>
  </datafield>
  <datafield tag="852" ind1="#" ind2="#">
   <subfield code="j">KD.0001051</subfield>
   <subfield code="b">Kho đọc</subfield>
  </datafield>
  <datafield tag="910" ind1=" " ind2=" ">
   <subfield code="d">30/03/2011</subfield>
  </datafield>
  <datafield tag="980" ind1="#" ind2="#">
   <subfield code="a">Trung tâm Học liệu Lê Vũ Hùng, Trường Đại học Đồng Tháp</subfield>
  </datafield>
 </record>
</collection>
